| 000 | 00462nam a2200181Ia 4500 | ||
|---|---|---|---|
| 999 |
_c124 _d124 |
||
| 020 | _a0-471-25889-x | ||
| 082 | _a302.544 ALI- | ||
| 245 | 0 | _aAlienation and the social systems | |
| 260 |
_aNew York _bJohn Wiley _c1972 |
||
| 300 | _a367p. | ||
| 504 | _aincludes bibliography and index | ||
| 650 | _aSociology | ||
| 650 | _aSocial systems | ||
| 650 | _aSocial psycholog | ||
| 650 | _aAlienation (Social psychology) | ||
| 700 | _aFinifter, Ada. W | ||
| 942 | _cBK | ||